| 000 | 00637nam a2200217Ia 4500 | ||
|---|---|---|---|
| 003 | BUBTL | ||
| 008 | 151213s9999 xx 000 0 und d | ||
| 020 | _a0-90-4095-38x | ||
| 082 | _a677.028242LOW | ||
| 100 |
_aLord,P.R. _91075 |
||
| 245 |
_aWeaving : _bConversion of Yarn to Fabric |
||
| 250 | _a2nd ed. | ||
| 260 |
_aEngland : _bMerrow Publishing Co. Ltd. _cc1982. |
||
| 300 |
_aviii,394 p. : _bill. ; _c20 cm. |
||
| 650 | _aTextile | ||
| 650 | _aTextile Engineering | ||
| 700 |
_aMohamed,M.H. _91824 |
||
| 856 |
_k0 _l0 _yDownload |
||
| 942 |
_2ddc _cBK |
||
| 999 |
_c5075 _d5075 |
||